[Event "RUS-chT clubs 1L"]
[Site "Korolev"]
[Date "2000.??.??"]
[Round "3"]
[White "Meshkov, Yuri A"]
[Black "Zamanov, Ansar M"]
[Result "1-0"]
[WhiteElo "2367"]
[BlackElo "2434"]
[PlyCount "139"]
[EventDate "2000.??.??"]
[EventType "team-tourn"]
[EventRounds "9"]
[EventCountry "RUS"]
[SourceTitle "EXT 2006"]
[Source "ChessBase"]
[SourceDate "2005.11.24"]
[SourceVersion "1"]
[SourceVersionDate "2005.11.24"]
[SourceQuality "1"]

1. d4 Nf6 2. g3 d5 3. Bg2 c6 4. Nd2 Bg4 5. h3 Bf5 6. g4 Bg6 7. c4 e6 8. Ngf3 Nbd7 9. Qb3 Qb6 10. c5 Qc7 11. Nh4 b6 12. Nxg6 hxg6 13. cxb6 Qxb6 14. Qc2 Rc8 15. g5 Ng8 16. Nf3 Bb4+ 17. Kf1 Bd6 18. b3 Ne7 19. Bb2 Nf5 20. h4 Qa6 21. Bh3 Ke7 22. Bg4 Ba3 23. Bxa3+ Qxa3 24. Bxf5 gxf5 25. Qc3 g6 26. Kg2 c5 27. Rac1 Qb4 28. dxc5 Qg4+ 29. Kf1 Rxc5 30. Qb2 Rxc1+ 31. Qxc1 Qb4 32. Qc7 Qb8 33. Qa5 Qb6 34. Qc3 Rb8 35. h5 gxh5 36. Rxh5 Rg8 37. Rh7 Qd6 38. Qa5 a6 39. Qc3 d4 40. Qc4 Nc5 41. Qxd4 Qxd4 42. Nxd4 Rxg5 43. Nc6+ Kf6 44. Nd8 Rg7 45. Rxg7 Kxg7 46. Nc6 f4 47. b4 Nd7 48. Ke1 Kf6 49. Kd2 e5 50. Kd3 Ke6 51. Nd8+ Ke7 52. Nb7 f5 53. Nc5 Nb8 54. Kc4 Kd6 55. a4 Kc6 56. Nxa6 Nd7 57. a5 e4 58. b5+ Kd6 59. b6 e3 60. f3 Ne5+ 61. Kb5 Nxf3 62. exf3 e2 63. b7 e1Q 64. b8Q+ Kd7 65. Nc5+ Ke7 66. Qxf4 Qe2+ 67. Kc6 Qc2 68. Qd6+ Kf7 69. a6 f4 70. a7 1-0

[Event "RUS-chT clubs 1L"]
[Site "Korolev"]
[Date "2000.??.??"]
[Round "5"]
[White "Romanov, Evgeny"]
[Black "Zamanov, Ansar M"]
[Result "1/2-1/2"]
[WhiteElo "2137"]
[BlackElo "2434"]
[PlyCount "115"]
[EventDate "2000.??.??"]
[EventType "team-tourn"]
[EventRounds "9"]
[EventCountry "RUS"]
[SourceTitle "EXT 2006"]
[Source "ChessBase"]
[SourceDate "2005.11.24"]
[SourceVersion "1"]
[SourceVersionDate "2005.11.24"]
[SourceQuality "1"]

1. c4 c6 2. d4 d5 3. cxd5 cxd5 4. Nc3 Nf6 5. Nf3 Nc6 6. g3 Bf5 7. Bg2 e6 8. 0-0 Be7 9. a3 0-0 10. Nh4 Bg4 11. h3 Bh5 12. g4 Nd7 13. Nf5 exf5 14. gxh5 Nb6 15. Bf4 Bd6 16. Bxd6 Qxd6 17. e3 Rad8 18. Qf3 f4 19. Qxf4 Qxf4 20. exf4 Nxd4 21. Rad1 Ne6 22. Nxd5 Nxd5 23. Rxd5 Nxf4 24. Rxd8 Rxd8 25. Bxb7 Nxh3+ 26. Kh2 Nf4 27. b4 Nxh5 28. b5 Rd7 29. Bf3 Nf6 30. a4 Rd3 31. Rc1 g5 32. Kg2 Nd7 33. Rc7 Ne5 34. Ba8 Rd7 35. Rc5 f6 36. a5 Kf8 37. b6 axb6 38. axb6 Rd8 39. Be4 Nd7 40. Rc6 Ke7 41. b7 h5 42. Rc8 Nb8 43. Bf5 Na6 44. Ra8 Nb8 45. Bc8 Nc6 46. b8Q Nxb8 47. Rxb8 Kd6 48. Ra8 Kc7 49. Bb7 Rd4 50. Bf3 h4 51. Re8 g4 52. Ba8 Rd2 53. Re4 f5 54. Rf4 Rd8 55. Rxf5 Rxa8 56. Rh5 h3+ 57. Kg3 Rg8 58. f3 1/2-1/2

[Event "Korolev-ch"]
[Site "Korolev"]
[Date "1999.??.??"]
[Round "3"]
[White "Zamanov, Ansar M"]
[Black "Zudov, Oleg"]
[Result "1-0"]
[WhiteElo "2436"]
[BlackElo "2260"]
[PlyCount "83"]
[EventDate "1999.??.??"]
[EventType "swiss"]
[EventRounds "9"]
[EventCountry "RUS"]
[SourceTitle "EXT 2006"]
[Source "ChessBase"]
[SourceDate "2005.11.24"]
[SourceVersion "1"]
[SourceVersionDate "2005.11.24"]
[SourceQuality "1"]

1. b3 d6 2. g3 Nf6 3. Bg2 g6 4. Bb2 Bg7 5. Nf3 0-0 6. d3 e5 7. Nbd2 Nc6 8. e4 h6 9. d4 exd4 10. Nxd4 d5 11. Nxc6 bxc6 12. 0-0 Re8 13. exd5 cxd5 14. c4 c6 15. Re1 Rxe1+ 16. Qxe1 Bg4 17. cxd5 cxd5 18. Nf3 a5 19. Ne5 a4 20. b4 a3 21. Bd4 Bf5 22. Nc6 Qd7 23. b5 Ne4 24. Bxg7 Kxg7 25. Rd1 Ra4 26. f3 Nf6 27. g4 Be6 28. Qe5 Qb7 29. h4 Qxb5 30. Nd4 Qb6 31. g5 Bc8 32. f4 Bg4 33. Rd2 Qb1+ 34. Kh2 Ra6 35. gxf6+ Rxf6 36. Nb3 Bf5 37. Bxd5 Bc2 38. Nd4 Ba4 39. Bg2 Qc1 40. Rf2 Bd7 41. f5 g5 42. Ne6+ 1-0